[Event "2. Torneio Aberto do Brasil - Fortaleza"]
[Site "Fortaleza BRA"]
[Date "2012.04.05"]
[Round "1.1"]
[White "Vescovi, Giovanni"]
[Black "Ribeiro Junior, Valdir Uchoa"]
[Result "1-0"]
[WhiteElo "2604"]
[BlackElo "1931"]
[PlyCount "73"]
[EventDate "2012.04.05"]
[EventType "swiss"]
[EventRounds "7"]
[EventCountry "BRA"]
[Source "lmi"]
[SourceDate "2012.08.05"]

1. e4 e5 2. Nf3 Nf6 3. Nxe5 d6 4. Nf3 Nxe4 5. Nc3 Nxc3 6. dxc3 Be7 7. Be3 Nc6
8. Qd2 O-O 9. O-O-O Be6 10. h4 Ne5 11. Ng5 Qd7 12. b3 a6 13. Be2 b5 14. Nxe6
Qxe6 15. Qd5 Qxd5 16. Rxd5 Bf6 17. Bg5 Nd7 18. Bf3 h6 19. Bxf6 Nxf6 20. Rd4
Rae8 21. a4 Re5 22. Rhd1 Rb8 23. a5 h5 24. b4 g6 25. c4 Kf8 26. cxb5 Rexb5 27.
c3 Rf5 28. Rc4 Ne8 29. Rc6 Ra8 30. Re1 Rf4 31. Re4 Rxe4 32. Bxe4 Ke7 33. Bd3
Kd7 34. Rxa6 Rb8 35. Be4 Nf6 36. Bc6+ Ke6 37. Ra8 1-0

[Event "2. Torneio Aberto do Brasil - Fortaleza"]
[Site "Fortaleza BRA"]
[Date "2012.04.05"]
[Round "1.2"]
[White "Buarque, Hugo Leonardo De Br"]
[Black "Cubas, Jose Fernando"]
[Result "0-1"]
[WhiteElo "1928"]
[BlackElo "2518"]
[PlyCount "62"]
[EventDate "2012.04.05"]
[EventType "swiss"]
[EventRounds "7"]
[EventCountry "BRA"]
[Source "lmi"]
[SourceDate "2012.08.05"]

1. d4 Nf6 2. c4 e6 3. Nc3 c5 4. d5 exd5 5. Nxd5 Nxd5 6. Qxd5 Be7 7. Nf3 Nc6 8.
e3 O-O 9. Be2 d6 10. O-O Be6 11. Qd1 d5 12. cxd5 Bxd5 13. Bd2 Qd6 14. Qc1 Rfd8
15. Bc3 Qe6 16. b3 a6 17. Ne1 Ne5 18. f3 Ng6 19. e4 f5 20. exf5 Qxf5 21. Bd3
Qh5 22. Qb2 Bg5 23. Bxg6 Be3+ 24. Kh1 Qxg6 25. Nc2 Bf4 26. Kg1 Qh5 27. g3 Bh6
28. f4 Bc6 29. Rf2 Qd5 30. Kf1 Qh1+ 31. Ke2 Bb5+ 0-1

[Event "2. Torneio Aberto do Brasil - Fortaleza"]
[Site "Fortaleza BRA"]
[Date "2012.04.05"]
[Round "1.3"]
[White "Mekhitarian, Krikor Sevag"]
[Black "Arruda Filho, Ivo Pereira De"]
[Result "1-0"]
[WhiteElo "2512"]
[BlackElo "1923"]
[PlyCount "51"]
[EventDate "2012.04.05"]
[EventType "swiss"]
[EventRounds "7"]
[EventCountry "BRA"]
[Source "lmi"]
[SourceDate "2012.08.05"]

1. d4 e6 2. c4 f5 3. g3 Nf6 4. Bg2 Nc6 5. Nf3 Bb4+ 6. Nbd2 O-O 7. O-O d5 8. Qc2
Bd7 9. a3 Be7 10. b4 Qe8 11. b5 Nd8 12. Ne5 Nf7 13. Ndf3 Rc8 14. Nxf7 Qxf7 15.
Ne5 Qe8 16. cxd5 exd5 17. a4 Be6 18. Ba3 Nd7 19. Nd3 Rf6 20. Nf4 Bxa3 21. Rxa3
Qf7 22. Re3 Nb6 23. a5 Nc4 24. Rxe6 Rxe6 25. Bxd5 Na3 26. Qb3 1-0

[Event "2. Torneio Aberto do Brasil - Fortaleza"]
[Site "Fortaleza BRA"]
[Date "2012.04.05"]
[Round "1.4"]
[White "De Macedo, Alexandre Ricardo S"]
[Black "Lima, Darcy"]
[Result "0-1"]
[WhiteElo "1920"]
[BlackElo "2509"]
[PlyCount "90"]
[EventDate "2012.04.05"]
[EventType "swiss"]
[EventRounds "7"]
[EventCountry "BRA"]
[Source "lmi"]
[SourceDate "2012.08.05"]

1. Nf3 Nf6 2. g3 d5 3. Bg2 e6 4. O-O c5 5. b3 Nc6 6. Bb2 Be7 7. d3 O-O 8. Nbd2
d4 9. c4 e5 10. Re1 Bf5 11. Nh4 Be6 12. Nf1 Qd7 13. Qd2 Bd8 14. Red1 Ba5 15.
Qc2 Bh3 16. Bc1 Bc3 17. Bb2 Bxg2 18. Kxg2 Bxb2 19. Qxb2 e4 20. Qd2 Rfe8 21. Qf4
Re5 22. Kg1 Rae8 23. Ng2 Rf5 24. Qh4 Rh5 25. Qf4 Qh3 26. Qd2 g5 27. f3 e3 28.
Qe1 Ng4 29. fxg4 Rh6 30. Nf4 gxf4 31. g5 Rh5 32. gxf4 Rh4 33. Kh1 Rg4 34. Ng3
Ne7 35. Qf1 Rxg3 36. Qxh3 Rxh3 37. Kg2 Rh4 38. Rf1 f5 39. h3 Ng6 40. Kg3 h6 41.
Rf3 hxg5 42. fxg5 f4+ 43. Kh2 Ne5 44. Rff1 Kg7 45. Rg1 Reh8 0-1

[Event "2. Torneio Aberto do Brasil - Fortaleza"]
[Site "Fortaleza BRA"]
[Date "2012.04.05"]
[Round "1.5"]
[White "El Debs, Felipe De Cresce"]
[Black "Ferreira, Jose Carlos"]
[Result "1-0"]
[WhiteElo "2507"]
[BlackElo "1913"]
[PlyCount "63"]
[EventDate "2012.04.05"]
[EventType "swiss"]
[EventRounds "7"]
[EventCountry "BRA"]
[Source "lmi"]
[SourceDate "2012.08.05"]

1. Nf3 c5 2. c4 Nf6 3. Nc3 d6 4. d4 cxd4 5. Nxd4 g6 6. e4 Bg7 7. Be2 O-O 8. O-O
Nc6 9. Be3 Nd7 10. Nb3 Na5 11. Qc2 Ne5 12. Bg5 Nxb3 13. axb3 f6 14. Be3 a6 15.
Nd5 Be6 16. Rfd1 Bxd5 17. Rxd5 Nc6 18. Qd2 Qe8 19. b4 f5 20. exf5 Rxf5 21. Bg4
Rxd5 22. cxd5 Ne5 23. Be6+ Kh8 24. Rc1 b5 25. b3 Qf8 26. Rc7 h6 27. f4 Nf7 28.
Qc2 Kh7 29. h4 Nd8 30. h5 Qf6 31. hxg6+ Qxg6 32. Bf5 1-0

[Event "2. Torneio Aberto do Brasil - Fortaleza"]
[Site "Fortaleza BRA"]
[Date "2012.04.05"]
[Round "1.6"]
[White "Azevedo, Eduardo Jose E De"]
[Black "Dayer, Horacio Saldano"]
[Result "0-1"]
[WhiteElo "1909"]
[BlackElo "2440"]
[PlyCount "104"]
[EventDate "2012.04.05"]
[EventType "swiss"]
[EventRounds "7"]
[EventCountry "BRA"]
[Source "lmi"]
[SourceDate "2012.08.05"]

1. Nf3 c5 2. c4 Nc6 3. d4 cxd4 4. Nxd4 g6 5. Nc3 Bg7 6. Nc2 Bxc3+ 7. bxc3 Qa5
8. e4 Nf6 9. f3 Qxc3+ 10. Bd2 Qe5 11. Be2 Nd4 12. O-O Nxe2+ 13. Qxe2 O-O 14.
Qd3 Qc5+ 15. Be3 Qc7 16. Bg5 d6 17. Bxf6 exf6 18. Rfd1 Be6 19. Ne3 Rfd8 20.
Rac1 Rac8 21. Kf1 Qc5 22. Nd5 Bxd5 23. Qxd5 b6 24. Qxc5 Rxc5 25. Rd5 Rdc8 26.
Rxd6 Rxc4 27. Rcd1 Rc2 28. R1d2 Rxd2 29. Rxd2 Kf8 30. Ke2 Ke7 31. Rb2 h5 32.
Kd3 h4 33. h3 Ke6 34. Rb3 Rc5 35. Ra3 a5 36. Rb3 b5 37. a3 Ke5 38. f4+ Kxf4 39.
Kd4 Re5 40. Rf3+ Kg5 41. Rc3 b4 42. axb4 axb4 43. Rb3 Rb5 44. Kc4 Rb8 45. Kd4
Rb7 46. Kd5 Rd7+ 47. Kc4 Rd2 48. g3 hxg3 49. Rxg3+ Kf4 50. Rg4+ Ke5 51. Kxb4
Rd4+ 52. Kc3 Rxe4 0-1

[Event "2. Torneio Aberto do Brasil - Fortaleza"]
[Site "Fortaleza BRA"]
[Date "2012.04.05"]
[Round "1.8"]
[White "Sales, Luis Carlos"]
[Black "Barbosa, Evandro Amorim"]
[Result "0-1"]
[WhiteElo "1892"]
[BlackElo "2399"]
[PlyCount "60"]
[EventDate "2012.04.05"]
[EventType "swiss"]
[EventRounds "7"]
[EventCountry "BRA"]
[Source "lmi"]
[SourceDate "2012.08.05"]

1. d4 Nf6 2. Nf3 g6 3. b3 Bg7 4. Bb2 O-O 5. Nbd2 d6 6. e4 Nbd7 7. Be2 e5 8. O-O
exd4 9. Bxd4 Re8 10. Bd3 b6 11. Re1 Bb7 12. Rc1 Nc5 13. Bxc5 bxc5 14. c4 a5 15.
a4 Re7 16. Re2 Qd7 17. Ne1 Rae8 18. f3 Nh5 19. Nf1 Nf4 20. Rec2 f5 21. Ng3 h5
22. Ne2 Nxd3 23. Nxd3 fxe4 24. Ne1 exf3 25. gxf3 Qh3 26. Qd3 Bd4+ 27. Nxd4
Rxe1+ 28. Rxe1 Rxe1+ 29. Kf2 Qh4+ 30. Kg2 Qg4+ 0-1

[Event "2. Torneio Aberto do Brasil - Fortaleza"]
[Site "Fortaleza BRA"]
[Date "2012.04.05"]
[Round "1.9"]
[White "Rodi, Luis Ernesto"]
[Black "Lima Filho, Jose Pacifico"]
[Result "1-0"]
[WhiteElo "2391"]
[BlackElo "1891"]
[PlyCount "57"]
[EventDate "2012.04.05"]
[EventType "swiss"]
[EventRounds "7"]
[EventCountry "BRA"]
[Source "lmi"]
[SourceDate "2012.08.05"]

1. e4 c5 2. Nc3 Nc6 3. Bb5 Nf6 4. Nf3 d6 5. e5 dxe5 6. Nxe5 Qc7 7. Bxc6+ bxc6
8. Qe2 e6 9. d3 Bd6 10. Nc4 Be7 11. Qe5 Qd8 12. Qg3 Nh5 13. Qf3 Nf6 14. Qxc6+
Bd7 15. Nd6+ Kf8 16. Qa6 Qb6 17. Qxb6 axb6 18. Nde4 Bc6 19. O-O Nd5 20. Nxd5
exd5 21. Ng3 h5 22. Bf4 h4 23. Nf5 Bf6 24. c3 h3 25. g3 g6 26. Bd6+ Ke8 27. Ne3
Kd7 28. Ng4 Bxc3 29. Be5 1-0

[Event "2. Torneio Aberto do Brasil - Fortaleza"]
[Site "Fortaleza BRA"]
[Date "2012.04.05"]
[Round "1.10"]
[White "Ribeiro, Orlando Alves"]
[Black "Limp, Eduardo Thelio"]
[Result "0-1"]
[WhiteElo "1885"]
[BlackElo "2382"]
[PlyCount "62"]
[EventDate "2012.04.05"]
[EventType "swiss"]
[EventRounds "7"]
[EventCountry "BRA"]
[Source "lmi"]
[SourceDate "2012.08.05"]

1. d4 d5 2. Nf3 Nf6 3. c4 c6 4. Nc3 g6 5. Bg5 Bg7 6. e3 O-O 7. Bd3 Bg4 8. O-O
e6 9. h3 Bxf3 10. Qxf3 Nbd7 11. Rfd1 Qa5 12. cxd5 Nxd5 13. Nxd5 cxd5 14. Qe2
Rfc8 15. a3 a6 16. Rac1 Nb6 17. Be7 Bf8 18. Bxf8 Kxf8 19. h4 Na4 20. h5 Qd8 21.
Qd2 Qb6 22. b4 Qd8 23. e4 Qh4 24. exd5 exd5 25. Qh6+ Kg8 26. Bc2 Nc3 27. Re1
Na2 28. Bb3 Rxc1 29. Rxc1 Nxc1 30. Qxc1 Qxh5 31. Qc5 Re8 0-1

[Event "2. Torneio Aberto do Brasil - Fortaleza"]
[Site "Fortaleza BRA"]
[Date "2012.04.05"]
[Round "1.11"]
[White "Perdomo, Leandro"]
[Black "Rapouso, Ricardo Luis Borba"]
[Result "1-0"]
[WhiteElo "2372"]
[BlackElo "1880"]
[PlyCount "55"]
[EventDate "2012.04.05"]
[EventType "swiss"]
[EventRounds "7"]
[EventCountry "BRA"]
[Source "lmi"]
[SourceDate "2012.08.05"]

1. d4 Nf6 2. c4 g6 3. Nc3 Bg7 4. e4 d6 5. f3 O-O 6. Be3 Na6 7. Qd2 c5 8. Nge2
Qa5 9. d5 Nc7 10. Nc1 b5 11. Nb3 Qb6 12. cxb5 Bd7 13. a4 Qb8 14. Na5 a6 15. Nc6
Bxc6 16. bxc6 e6 17. dxe6 fxe6 18. Be2 Rd8 19. a5 d5 20. Bxc5 dxe4 21. Qc2 Nfd5
22. O-O Bh6 23. Nxd5 Rxd5 24. Bb6 Rd2 25. Qxe4 Rxb2 26. Rab1 Bg7 27. Rxb2 Bxb2
28. Rd1 1-0

[Event "2. Torneio Aberto do Brasil - Fortaleza"]
[Site "Fortaleza BRA"]
[Date "2012.04.05"]
[Round "1.12"]
[White "De Freitas, Julio Eimard"]
[Black "Santiago, Yago De Moura"]
[Result "0-1"]
[WhiteElo "1865"]
[BlackElo "2360"]
[PlyCount "48"]
[EventDate "2012.04.05"]
[EventType "swiss"]
[EventRounds "7"]
[EventCountry "BRA"]
[Source "lmi"]
[SourceDate "2012.08.05"]

1. d4 f5 2. g3 Nf6 3. Nf3 g6 4. Bg2 Bg7 5. c4 d6 6. Nc3 O-O 7. O-O h6 8. Qc2 g5
9. d5 c5 10. b3 Qe8 11. Bb2 Qh5 12. e3 a6 13. Ne1 f4 14. exf4 Bh3 15. Qe2 Ng4
16. Qe6+ Kh8 17. Nf3 Nxh2 18. Bxh3 Nxf3+ 19. Kg2 Nd4 20. Bg4 Qe8 21. Qe4 gxf4
22. Rh1 Nd7 23. Ne2 Nf6 24. Qxf4 e5 0-1

[Event "2. Torneio Aberto do Brasil - Fortaleza"]
[Site "Fortaleza BRA"]
[Date "2012.04.05"]
[Round "1.13"]
[White "Martins, Vinicius Tine"]
[Black "Machado, Fernando Augusto Di"]
[Result "1-0"]
[WhiteElo "2329"]
[BlackElo "1863"]
[PlyCount "75"]
[EventDate "2012.04.05"]
[EventType "swiss"]
[EventRounds "7"]
[EventCountry "BRA"]
[Source "lmi"]
[SourceDate "2012.08.05"]

1. e4 c5 2. Nf3 Nc6 3. d4 cxd4 4. Nxd4 g6 5. c4 Bg7 6. Be3 d6 7. Nc3 Nf6 8. Be2
Nxd4 9. Bxd4 O-O 10. Qd2 Bd7 11. O-O Bc6 12. f3 a5 13. Be3 Nd7 14. Rab1 Nc5 15.
Bd3 Qb6 16. Rfc1 Rfc8 17. Kh1 Qd8 18. Bc2 h5 19. b3 Kh7 20. Re1 b6 21. Nd5 Bxd5
22. exd5 Qf8 23. a4 Bf6 24. f4 Qg7 25. Qe2 Kg8 26. f5 Rc7 27. Rf1 Be5 28. Qf3
Rf8 29. Qh3 Nd7 30. fxg6 fxg6 31. Qe6+ Kh8 32. Qxg6 Rxf1+ 33. Rxf1 Qxg6 34.
Bxg6 Nf6 35. Bc2 Rb7 36. g3 h4 37. gxh4 Rb8 38. Bf5 1-0

[Event "2. Torneio Aberto do Brasil - Fortaleza"]
[Site "Fortaleza BRA"]
[Date "2012.04.05"]
[Round "1.14"]
[White "Dos Reis, Virginia Lagrange"]
[Black "Macedo, Maximo Iack"]
[Result "0-1"]
[WhiteElo "1853"]
[BlackElo "2328"]
[PlyCount "58"]
[EventDate "2012.04.05"]
[EventType "swiss"]
[EventRounds "7"]
[EventCountry "BRA"]
[Source "lmi"]
[SourceDate "2012.08.05"]

1. e4 e5 2. Nf3 Nc6 3. Bb5 a6 4. Bxc6 dxc6 5. O-O Bg4 6. h3 Bh5 7. g4 Bg6 8.
Nxe5 Bd6 9. Nxg6 hxg6 10. Kg2 Qh4 11. Qf3 Bf4 12. d4 g5 13. Nc3 Ne7 14. Rh1 Ng6
15. Ne2 Qh6 16. Qb3 O-O-O 17. Be3 Nh4+ 18. Kf1 Qg6 19. Qd3 Qf6 20. Bxf4 gxf4
21. e5 Qh6 22. Rd1 g5 23. Ng1 Qe6 24. b3 c5 25. c3 Qd5 26. Rh2 cxd4 27. cxd4 f3
28. Qe3 Rhe8 29. Qxg5 Rxe5 0-1

[Event "2. Torneio Aberto do Brasil - Fortaleza"]
[Site "Fortaleza BRA"]
[Date "2012.04.05"]
[Round "1.15"]
[White "Barreto filho, Carlos Alberto"]
[Black "Sousa Filho, Aloisio Lopes De"]
[Result "1-0"]
[WhiteElo "2324"]
[BlackElo "1852"]
[PlyCount "53"]
[EventDate "2012.04.05"]
[EventType "swiss"]
[EventRounds "7"]
[EventCountry "BRA"]
[Source "lmi"]
[SourceDate "2012.08.05"]

1. d4 d5 2. c4 c6 3. Nf3 Nf6 4. e3 e6 5. Nbd2 Bd6 6. Bd3 Nbd7 7. O-O O-O 8. e4
dxe4 9. Nxe4 Be7 10. b3 Re8 11. Bb2 Nf8 12. Qe2 Ng6 13. Nxf6+ Bxf6 14. Qe4 Qc7
15. Ne5 c5 16. h4 Nf8 17. dxc5 Qxc5 18. Rad1 Qc7 19. h5 h6 20. Rfe1 Qe7 21. Re3
Bg5 22. Rg3 f5 23. Qe2 Nh7 24. Ng6 Qf7 25. c5 Bf6 26. Bb5 Rf8 27. Nxf8 1-0

[Event "2. Torneio Aberto do Brasil - Fortaleza"]
[Site "Fortaleza BRA"]
[Date "2012.04.05"]
[Round "1.16"]
[White "Mesquita, Jussier Cabral"]
[Black "Pinheiro, Iung Alicio De O"]
[Result "0-1"]
[WhiteElo "1844"]
[BlackElo "2321"]
[PlyCount "62"]
[EventDate "2012.04.05"]
[EventType "swiss"]
[EventRounds "7"]
[EventCountry "BRA"]
[Source "lmi"]
[SourceDate "2012.08.05"]

1. d4 Nf6 2. c4 e6 3. Nc3 Bb4 4. Qc2 c5 5. e3 cxd4 6. exd4 Nc6 7. Nf3 O-O 8.
Bd3 Be7 9. a3 d5 10. c5 b6 11. b4 bxc5 12. bxc5 Qa5 13. Rb1 Ba6 14. O-O Rfc8
15. Bf4 Bxd3 16. Qxd3 Qxa3 17. Ra1 Qb3 18. Rfb1 Qc4 19. Qxc4 dxc4 20. Nb5 Nd5
21. Bd6 Bf6 22. Ne5 Bxe5 23. dxe5 a6 24. Na3 c3 25. Nc2 a5 26. Ne3 Ndb4 27. Rc1
Nd4 28. Rf1 Nb3 29. Nc4 c2 30. Nb6 Nxa1 31. Rxa1 Nd3 0-1

[Event "2. Torneio Aberto do Brasil - Fortaleza"]
[Site "Fortaleza BRA"]
[Date "2012.04.05"]
[Round "1.17"]
[White "Dumont, Sadi Glasser"]
[Black "Lisboa Torres, Eduardo"]
[Result "1-0"]
[WhiteElo "2316"]
[BlackElo "1810"]
[PlyCount "53"]
[EventDate "2012.04.05"]
[EventType "swiss"]
[EventRounds "7"]
[EventCountry "BRA"]
[Source "lmi"]
[SourceDate "2012.08.05"]

1. e4 c5 2. Nc3 d6 3. f4 a6 4. Nf3 Bg4 5. h3 Bd7 6. g3 Nc6 7. Bg2 e5 8. d3 g6
9. fxe5 dxe5 10. Be3 b6 11. O-O Bg7 12. Nd5 f6 13. c3 Nge7 14. b4 Nxd5 15. exd5
Ne7 16. Qb3 cxb4 17. g4 h6 18. Nxe5 fxe5 19. d6 Nf5 20. gxf5 gxf5 21. Rxf5 Bxf5
22. Bc6+ Kf8 23. Rf1 Bf6 24. Rxf5 Rg8+ 25. Kh2 Rc8 26. Bxh6+ Rg7 27. Qe6 1-0

[Event "2. Torneio Aberto do Brasil - Fortaleza"]
[Site "Fortaleza BRA"]
[Date "2012.04.05"]
[Round "1.18"]
[White "Lima, Antonio Stenio Patr"]
[Black "Pereira, Silvio Cunha"]
[Result "0-1"]
[WhiteElo "1799"]
[BlackElo "2298"]
[PlyCount "106"]
[EventDate "2012.04.05"]
[EventType "swiss"]
[EventRounds "7"]
[EventCountry "BRA"]
[Source "lmi"]
[SourceDate "2012.08.05"]

1. e4 e5 2. Nf3 Nc6 3. d4 exd4 4. Nxd4 Bc5 5. Be3 Qf6 6. c3 Nge7 7. Be2 O-O 8.
Nxc6 Qxc6 9. Bxc5 Qxc5 10. Qd4 Qxd4 11. cxd4 d5 12. Nc3 dxe4 13. Nxe4 Rd8 14.
O-O-O Be6 15. Nc3 Rd7 16. Rd2 Rad8 17. Rhd1 c6 18. Bf3 Kf8 19. b3 Nd5 20. Nxd5
Bxd5 21. Bxd5 Rxd5 22. Kc2 a5 23. a3 R8d6 24. Kc3 Re6 25. Kd3 Ke7 26. Kc4 Kd6
27. Kc3 Rh5 28. h3 Rf5 29. Kc4 h5 30. Kc3 h4 31. Kc4 Rg5 32. f3 Re3 33. d5 b5+
34. Kd4 Rxb3 35. dxc6 Rd5+ 36. Ke4 Rxd2 37. Rxd2+ Kxc6 38. Rc2+ Kd6 39. Rd2+
Ke6 40. Ra2 f5+ 41. Kd4 Kd6 42. f4 g6 43. a4 Rb4+ 44. Ke3 Rxa4 45. Rd2+ Ke6 46.
Rc2 Rc4 47. Rb2 b4 48. Ra2 Rc5 49. Kd4 Kd6 50. Re2 b3 51. Re8 Rb5 52. Kc4 Rb4+
53. Kc3 b2 0-1

[Event "2. Torneio Aberto do Brasil - Fortaleza"]
[Site "Fortaleza BRA"]
[Date "2012.04.05"]
[Round "1.19"]
[White "Cavalcanti, Francisco De Assis"]
[Black "Bueno, Marcos Antonio Ferr"]
[Result "1-0"]
[WhiteElo "2292"]
[BlackElo "1793"]
[PlyCount "82"]
[EventDate "2012.04.05"]
[EventType "swiss"]
[EventRounds "7"]
[EventCountry "BRA"]
[Source "lmi"]
[SourceDate "2012.08.05"]

1. e4 d6 2. d4 Nf6 3. Nc3 g6 4. Be2 Bg7 5. Nf3 O-O 6. O-O c5 7. d5 Re8 8. Re1
Nbd7 9. Bf1 Nf8 10. h3 a6 11. a4 e6 12. Bf4 e5 13. Be3 N6d7 14. a5 b5 15. axb6
Qxb6 16. Qc1 Qc7 17. Nd2 h6 18. Nc4 Kh7 19. Rb1 Rb8 20. Bd2 Nb6 21. Na5 Bb7 22.
Ra1 Ra8 23. Ra3 Rec8 24. Qa1 Nfd7 25. Nxb7 Qxb7 26. Bxa6 Qb8 27. Bxc8 Rxa3 28.
bxa3 Qxc8 29. a4 Nc4 30. Bc1 Qa6 31. Qb1 Qa5 32. Qb3 Ndb6 33. Rd1 f5 34. g3
fxe4 35. Nxe4 Qxa4 36. Qxa4 Nxa4 37. Rd3 Nab6 38. Kf1 g5 39. f3 Kg6 40. g4 Bf8
41. Nd2 Nxd5 1-0

[Event "2. Torneio Aberto do Brasil - Fortaleza"]
[Site "Fortaleza BRA"]
[Date "2012.04.05"]
[Round "1.20"]
[White "Magalhaes Jr, Sebastiao Silva"]
[Black "De Araujo, Felipe Fernandes Vi"]
[Result "0-1"]
[WhiteElo "1786"]
[BlackElo "2269"]
[PlyCount "70"]
[EventDate "2012.04.05"]
[EventType "swiss"]
[EventRounds "7"]
[EventCountry "BRA"]
[Source "lmi"]
[SourceDate "2012.08.05"]

1. e4 c5 2. Nf3 d6 3. Nc3 Nf6 4. d4 cxd4 5. Nxd4 a6 6. Be2 e6 7. Be3 Be7 8. O-O
O-O 9. f4 Qc7 10. g4 Nc6 11. g5 Nxd4 12. Bxd4 Nd7 13. h4 b5 14. h5 b4 15. Na4
Bb7 16. Bd3 e5 17. Be3 exf4 18. Bxf4 Nc5 19. Nxc5 Qxc5+ 20. Kh2 Bxg5 21. Qg4
Bxf4+ 22. Rxf4 Rae8 23. Rg1 Qe5 24. Rg3 Bc8 25. Qf3 h6 26. Bc4 Be6 27. b3 Rc8
28. Bd3 Rc5 29. Kg2 Qxh5 30. Qf2 Rg5 31. Rff3 a5 32. Rxg5 Qxg5+ 33. Rg3 Qe5 34.
Qe3 f5 35. Qxh6 Qxg3+ 0-1

[Event "2. Torneio Aberto do Brasil - Fortaleza"]
[Site "Fortaleza BRA"]
[Date "2012.04.05"]
[Round "1.21"]
[White "Mascarenhas, Alberto Pinheiro"]
[Black "Sampaio Filho, Joao Rodrigues"]
[Result "1-0"]
[WhiteElo "2268"]
[BlackElo "1785"]
[PlyCount "33"]
[EventDate "2012.04.05"]
[EventType "swiss"]
[EventRounds "7"]
[EventCountry "BRA"]
[Source "lmi"]
[SourceDate "2012.08.05"]

1. c4 f5 2. Nc3 Nf6 3. d3 e6 4. e4 d5 5. e5 Ng8 6. cxd5 exd5 7. d4 Be6 8. Nf3
Be7 9. Bd3 Nc6 10. a3 h6 11. h4 Qd7 12. b4 Bd8 13. Na4 Nge7 14. Nc5 Qc8 15. Bd2
a6 16. a4 b6 17. Nxa6 1-0

[Event "2. Torneio Aberto do Brasil - Fortaleza"]
[Site "Fortaleza BRA"]
[Date "2012.04.05"]
[Round "1.22"]
[White "Macedo, Luiz Soares De"]
[Black "Brito, Luismar"]
[Result "0-1"]
[WhiteElo "1757"]
[BlackElo "2247"]
[PlyCount "62"]
[EventDate "2012.04.05"]
[EventType "swiss"]
[EventRounds "7"]
[EventCountry "BRA"]
[Source "lmi"]
[SourceDate "2012.08.05"]

1. e4 c5 2. Nf3 d6 3. d4 cxd4 4. Nxd4 Nf6 5. Nc3 a6 6. Bd3 e6 7. O-O Be7 8. b3
b5 9. Bb2 Bb7 10. Re1 Nbd7 11. b4 Qc7 12. a4 bxa4 13. Nxa4 Ne5 14. f3 O-O 15.
Kh1 Rfd8 16. b5 Nfd7 17. Be2 Nc4 18. Bc1 Bf6 19. Nb2 Ndb6 20. c3 d5 21. Qc2
Nxb2 22. Bxb2 Bxd4 23. Rec1 Be3 24. Rd1 axb5 25. Bxb5 Rxa1 26. Bxa1 Nc4 27. Qe2
Ba7 28. Bxc4 dxc4 29. Re1 Rd3 30. e5 h6 31. Qa2 Qxe5 0-1

[Event "2. Torneio Aberto do Brasil - Fortaleza"]
[Site "Fortaleza BRA"]
[Date "2012.04.05"]
[Round "1.23"]
[White "Cunha, Eduardo Arruda Da G"]
[Black "Rodrigues, Vanessa Ketlyn So"]
[Result "1-0"]
[WhiteElo "2242"]
[BlackElo "1740"]
[PlyCount "83"]
[EventDate "2012.04.05"]
[EventType "swiss"]
[EventRounds "7"]
[EventCountry "BRA"]
[Source "lmi"]
[SourceDate "2012.08.05"]

1. e4 d5 2. exd5 Qxd5 3. Nc3 Qa5 4. Nf3 Nf6 5. Be2 e6 6. O-O Bd6 7. d4 c6 8.
Bd2 Qc7 9. h3 Nbd7 10. Re1 b6 11. Bc4 Bb7 12. Qe2 O-O-O 13. a4 Nd5 14. Nxd5
exd5 15. Bd3 Kb8 16. Ng5 Nf6 17. a5 b5 18. a6 Rde8 19. Qf3 Bc8 20. Bf5 h6 21.
Bxc8 hxg5 22. Bf5 Bf4 23. Rxe8+ Rxe8 24. Bb4 Bh2+ 25. Kf1 Qf4 26. Qxf4+ Bxf4
27. g3 Bc7 28. Rd1 g6 29. Bd3 Re6 30. Bd2 g4 31. hxg4 Nxg4 32. Kg2 Nf6 33. Rh1
Nh5 34. Bg5 Bd6 35. Kf3 Kc7 36. Bd2 Kb6 37. Ra1 c5 38. dxc5+ Bxc5 39. Kg2 b4
40. Ra4 Nf6 41. Bxb4 Nd7 42. Ba5+ 1-0

[Event "2. Torneio Aberto do Brasil - Fortaleza"]
[Site "Fortaleza BRA"]
[Date "2012.04.05"]
[Round "1.24"]
[White "Costa Avelino, Thiago Cesar"]
[Black "Umetsubo, Cesar Hidemitsu"]
[Result "0-1"]
[WhiteElo "1740"]
[BlackElo "2235"]
[PlyCount "37"]
[EventDate "2012.04.05"]
[EventType "swiss"]
[EventRounds "7"]
[EventCountry "BRA"]
[Source "lmi"]
[SourceDate "2012.08.05"]

1. d4 d5 2. Bf4 c5 3. Nf3 cxd4 4. Nxd4 Nd7 5. Bg3 e5 6. Nf3 Qb6 7. b3 d4 8. c3
Ngf6 9. Nxe5 dxc3 10. Nc4 Bb4 11. Qc2 Qa6 12. Nxc3 b5 13. Nd2 Bb7 14. Qd3 O-O
15. Ncb1 Rac8 16. e3 Be4 17. Qd4 Rc1+ 18. Ke2 Bc5 19. Qb2 0-1

[Event "2. Torneio Aberto do Brasil - Fortaleza"]
[Site "Fortaleza BRA"]
[Date "2012.04.05"]
[Round "1.25"]
[White "Dos Santos, Haroldo Cunha"]
[Black "Aquino, Francisco Jose Alve"]
[Result "1-0"]
[WhiteElo "2233"]
[BlackElo "1735"]
[PlyCount "67"]
[EventDate "2012.04.05"]
[EventType "swiss"]
[EventRounds "7"]
[EventCountry "BRA"]
[Source "lmi"]
[SourceDate "2012.08.05"]

1. d4 d5 2. Nf3 Nf6 3. Bf4 Bf5 4. c4 e6 5. Nc3 Bd6 6. Ne5 O-O 7. e3 c6 8. Qb3
Qc7 9. c5 Bxe5 10. Bxe5 Qe7 11. Bd6 Qd7 12. Bxf8 Kxf8 13. Qd1 Qc7 14. Bd3 Bg4
15. f3 Bh5 16. O-O Nbd7 17. Qe1 e5 18. Qh4 exd4 19. exd4 h6 20. Qg3 Qxg3 21.
hxg3 b6 22. b4 a5 23. a3 Bg6 24. Be2 Nh5 25. Kf2 bxc5 26. bxc5 Rb8 27. Ra2 Rb3
28. Rc1 Ndf6 29. Bd1 Rb7 30. Ba4 Rc7 31. Rb2 Nd7 32. Re1 Bd3 33. Nxd5 cxd5 34.
Rb8+ 1-0

[Event "2. Torneio Aberto do Brasil - Fortaleza"]
[Site "Fortaleza BRA"]
[Date "2012.04.05"]
[Round "1.26"]
[White "Vescovi, Katherine Lemos"]
[Black "Bouwman, Marcelo Wanderley"]
[Result "0-1"]
[WhiteElo "1706"]
[BlackElo "2222"]
[PlyCount "108"]
[EventDate "2012.04.05"]
[EventType "swiss"]
[EventRounds "7"]
[EventCountry "BRA"]
[Source "lmi"]
[SourceDate "2012.08.05"]

1. e4 e6 2. d4 d5 3. Nd2 Nf6 4. e5 Nfd7 5. Bd3 c5 6. c3 Nc6 7. Ne2 cxd4 8. cxd4
f6 9. exf6 Nxf6 10. Nf3 Bd6 11. O-O Qc7 12. Be3 O-O 13. Ng3 Bd7 14. Rc1 Rae8
15. Qc2 Bc8 16. a3 g6 17. Bh6 Bf4 18. Bxf8 Rxf8 19. Rce1 Ng4 20. b4 Qg7 21. Qc5
Bc7 22. h3 Nxf2 23. Kxf2 Bb6 24. Qc1 Nxd4 25. Re3 e5 26. Ke1 Nb3 27. Qc3 Bxe3
28. Qxb3 Be6 29. Be4 Bf4 30. Ne2 Qd7 31. Nxf4 Rxf4 32. Ng5 Rxe4+ 33. Nxe4 dxe4
34. Qe3 Bc4 35. Rf2 Qd4 36. Qxd4 exd4 37. Rc2 b5 38. Rf2 e3 39. Rf6 d3 40. Ra6
d2+ 41. Kd1 Bb3+ 42. Ke2 d1=Q+ 43. Kxe3 Qg1+ 44. Kf3 Bd5+ 45. Kf4 Qxg2 46. Ke5
Bb7 47. Rxa7 Qe4+ 48. Kf6 Qd4+ 49. Ke6 Qxa7 50. Kd6 Kf7 51. Kc7 Ke6 52. h4 Bd5+
53. Kc8 Qb7+ 54. Kd8 Qb8# 0-1